01105cim a22002417a 450000500170000000700150001700800410003202400180007308200240009110000250011524501440014026000400028430000310032450000270035565000650038265000800044765000740052765300200060170000270062194200290064899900170067795201690069420140923123328.0sd uuuuuudmuud140717t2008 xx nnnnfs s| c eng d a978142400069204222a428.202465bMAS1 935936aMascull, Bill10aBest practice upper intermediate :h[sound recording] :bbusiness English in global context : audio CDs /cBill Mascull and Jeremy Comfort. a[S. l.] :bThomson Heinle,cc.2008. a2 sound discs ;c4 3/4 in. aUnits 1-6, units 7-12. 0aEnglish languagexBusiness EnglishvAudio-visual aids936059 0936053aEnglish language vTextbooks for foreign speakersvAudio-visual aids 0aBusiness writingvProblems, exercises, etc.vAudio-visual aids936060 bEEENGcJuly20141 935937aComfort, Jeremy 2ddccCDRk428.202465 MAS c18366d18338 00102ddc40708ILBaMAINbMAINc2NDd2014-07-17epurchaseg240.00h4033l0o428.202465 MASp000036081r2022-08-24 00:00:00v300.00w2014-07-17yCDVDNz2 audio CDs